000 01513cam a2200277 a 4500
999 _c62
_d62
001 16055972
003 OSt
005 20230118122120.0
008 100115s2010 ilu b 000 0 eng
010 _a 2010001869
020 _a9781414301273
040 _aDLC
_cDLC
_dDLC
050 0 0 _aBV4529
_b.D6315 2010
082 0 0 _a248.8/45
_222
100 1 _aDobson, James C.,
_d1936-
245 1 0 _aBringing up girls /
_cJames Dobson.
260 _aCarol Stream, Ill. :
_bTyndale House Publishers,
_cc2010.
300 _axi, 285 p. ;
_c24 cm.
504 _aIncludes bibliographical references (p. 273-285).
505 0 _aThe wonderful world of girls -- Girls in peril -- The fair sex -- Why she is who she is -- Teaching girls to be ladies -- Embarrassing the angels -- Girls and their mothers -- Young women talk about their fathers -- Why daddies matter -- Fathers to daughters -- Cinderella at the ball -- Related questions and answers -- The obsession with beauty -- The river of culture -- Consequences -- Good news about girls -- Charming your girl -- Puberty and adolescence -- Questions and answers about puberty and adolescence -- Bullies, buddies, and best friends -- Protecting your daughter from invasive technology -- The last word.
650 0 _aParenting
_xReligious aspects
_xChristianity.
650 0 _aGirls
_xReligious life.
906 _a7
_bcbc
_corignew
_d1
_eecip
_f20
_gy-gencatlg
942 _2lcc
_cBK